LIBRARY & INFORMATION CENTRE, KCAET, TAVANUR

ONLINE PUBLIC ACCESS CATALOGUE (OPAC)

American Sahityam (Record no. 623)

MARC details
000 -LEADER
fixed length control field 00308cam a2200121ua 4500
082 ## - DEWEY DECIMAL CLASSIFICATION NUMBER
Classification number 810
Item number CUM/AM
100 ## - MAIN ENTRY--AUTHOR NAME
Personal name Cunliffe, Marcus .
245 ## - TITLE STATEMENT
Title American Sahityam
260 ## - PUBLICATION, DISTRIBUTION, ETC. (IMPRINT)
Place of publication :
Name of publisher Sahithya Pravarthaka Co- Operative SocietyLtd ,
Year of publication 1966.
300 ## - PHYSICAL DESCRIPTION
Number of Pages 383 ; .
650 ## - SUBJECT ADDED ENTRY--TOPICAL TERM
Topical Term Literature
942 ## - ADDED ENTRY ELEMENTS (KOHA)
Koha item type Books
Holdings
Withdrawn status Lost status Damaged status Home library Current library Date acquired Full call number Accession Number Koha item type
Withdrawn     KAUAET Malayalam University 07/04/2012 810 10255 Books
Withdrawn     KAUAET Malayalam University 07/04/2012 810 9447 Books
free website counter